| 000 | 00705nam a2200253Ia 4500 | ||
|---|---|---|---|
| 003 | OSt | ||
| 005 | 20220923211134.0 | ||
| 006 | a|||||r|||| 00| 0 | ||
| 007 | ta | ||
| 008 | Pun | ||
| 020 | _a8185544654 (hbk) | ||
| 024 | _a235,678 | ||
| 037 | _cTextual | ||
| 040 |
_aARTS _cARTS _bPun |
||
| 041 |
_2Pun _aPun |
||
| 082 | _aO153,6:g, P4 | ||
| 100 |
_aਮਾਨ, ਤੇਜਵੰਤ _9158642 |
||
| 245 | 0 | _aਬਹੁਵਚਨ | |
| 260 |
_aਅੰਮ੍ਰਿਤਸਰ _b ਲਿਟਰੇਚਰ ਹਾਊਸ _c2004 |
||
| 300 |
_a168ਪੰ _ccm. |
||
| 650 | _aਪੰਜਾਬੀ ਸਾਹਿਤ | ||
| 942 |
_hO153,6:g, P4 _cTEXL _2CC |
||
| 999 |
_c295819 _d295819 |
||